000 00545cam a2200217 4500
001 D5577
008 090401t1976 xxu||||| |||| 00| 0 eng d
035 _a(Sirsi) u57091
041 _aeng
050 _a346.410434
100 _aHill, Harold Arthur
245 _aHill and Redman's law of landlord and tenant
250 _a16th
260 _aLondon
_bButterworths
_c1976
300 _acclxvi. 2040p. 27cm
350 _a40
520 _aConsulting editor, George Dobry
700 _aBarnes, Michael
942 _n0
948 _c04/03/1997
999 _c93884
_d93884